On the Map - Transcontinental Countries - Statistics

General Stats
  • This quiz has been taken 47 times
  • The average score is 29 of 34
Answers on the Map
Answers color-coded by a green-red scale on the quiz's map according to % correct below.
 
Answer Stats
Hint Hint Country % Correct
635.5 264 Indonesia
100%
577 52 Russia
100%
460.3 130.6 Turkey
100%
401.5 73.5 Denmark
98%
447.0 171.3 Egypt
98%
Papua New Guinea
98%
372 127.5 Spain
98%
377 86 United Kingdom
98%
386 105 France
95%
480.5 125.0 Armenia
93%
455.3 143.7 Cyprus
93%
479 120 Georgia
93%
533.0 100.0 Kazakhstan
93%
198 232.5 Panama
93%
153 129 United States
93%
487.6 125.0 Azerbaijan
90%
416.4 124.2 Italy
90%
Malaysia
90%
361.7 127.6 Portugal
90%
430 129 Greece
88%
Philippines
88%
341 43 Iceland
83%
Yemen
83%
683.0 342.0 Australia
80%
Brunei
80%
693.3 140.0 Japan
80%
East Timor
78%
216.3 247.5 Colombia
75%
393 86.9 Netherlands
73%
Singapore
63%
242.5 226.6 Trinidad and Tobago
63%
232 235 Venezuela
63%
218 384 Chile
55%
Ecuador
45%
No matching quizzes found
Score Distribution
Percent of People with Each Score
Percentile by Number Answered
Your Score History
You have not taken this quiz